<?xml version="1.0" encoding="UTF-8"?>
<record
    xmlns:xsi="http://www.w3.org/2001/XMLSchema-instance"
    xsi:schemaLocation="http://www.loc.gov/MARC21/slim http://www.loc.gov/standards/marcxml/schema/MARC21slim.xsd"
    xmlns="http://www.loc.gov/MARC21/slim">

  <leader>02178cam a2200385Ia 4500</leader>
  <controlfield tag="001">9381161</controlfield>
  <controlfield tag="003">OSt</controlfield>
  <controlfield tag="005">20150408114134.0</controlfield>
  <controlfield tag="008">111201s2013    moua     b    001 0 eng d</controlfield>
  <datafield tag="015" ind1=" " ind2=" ">
    <subfield code="a">GBB1D9987</subfield>
    <subfield code="2">bnb</subfield>
  </datafield>
  <datafield tag="016" ind1="7" ind2=" ">
    <subfield code="a">015986842</subfield>
    <subfield code="2">Uk</subfield>
  </datafield>
  <datafield tag="020" ind1=" " ind2=" ">
    <subfield code="a">9781437725438 (pbk.)</subfield>
  </datafield>
  <datafield tag="020" ind1=" " ind2=" ">
    <subfield code="a">1437725430 (pbk.)</subfield>
  </datafield>
  <datafield tag="035" ind1=" " ind2=" ">
    <subfield code="a">(OCoLC)ocn768072474</subfield>
  </datafield>
  <datafield tag="035" ind1=" " ind2=" ">
    <subfield code="a">(OCoLC)768072474</subfield>
  </datafield>
  <datafield tag="035" ind1=" " ind2=" ">
    <subfield code="a">(NNC)9381161</subfield>
  </datafield>
  <datafield tag="040" ind1=" " ind2=" ">
    <subfield code="a">UKMGB</subfield>
    <subfield code="c">UKMGB</subfield>
    <subfield code="d">YDXCP</subfield>
    <subfield code="d">SMV</subfield>
    <subfield code="d">MMU</subfield>
  </datafield>
  <datafield tag="050" ind1=" " ind2="4">
    <subfield code="a">RM701</subfield>
    <subfield code="b">.G658 2013</subfield>
  </datafield>
  <datafield tag="060" ind1=" " ind2="4">
    <subfield code="a">WB 460</subfield>
    <subfield code="b">G653d 2013</subfield>
  </datafield>
  <datafield tag="082" ind1="0" ind2="4">
    <subfield code="a">615.82</subfield>
    <subfield code="2">23</subfield>
  </datafield>
  <datafield tag="100" ind1="1" ind2=" ">
    <subfield code="a">Goodman, Catherine Cavallaro.</subfield>
    <subfield code="9">36100</subfield>
  </datafield>
  <datafield tag="245" ind1="1" ind2="0">
    <subfield code="a">Differential diagnosis for physical therapists :</subfield>
    <subfield code="b">screening for referral /</subfield>
    <subfield code="c">by Catherine Cavallaro Goodman, Teresa E. Kelly Snyder.</subfield>
  </datafield>
  <datafield tag="250" ind1=" " ind2=" ">
    <subfield code="a">5th ed.</subfield>
  </datafield>
  <datafield tag="260" ind1=" " ind2=" ">
    <subfield code="a">St. Louis :</subfield>
    <subfield code="b">Elsevier Saunders,</subfield>
    <subfield code="c">c2013.</subfield>
  </datafield>
  <datafield tag="300" ind1=" " ind2=" ">
    <subfield code="a">xix, 787 p. :</subfield>
    <subfield code="b">col. ill. ;</subfield>
    <subfield code="c">28 cm.</subfield>
  </datafield>
  <datafield tag="504" ind1=" " ind2=" ">
    <subfield code="a">Includes bibliographical references and index.</subfield>
  </datafield>
  <datafield tag="505" ind1="0" ind2=" ">
    <subfield code="a">Introduction to the screening process -- Introduction to screening for referral in physical therapy -- Interviewing as a screening tool -- Pain types and viscerogenic pain patterns -- Physical assessment as a screening tool -- Viscerogenic causes of neuromusculoskeletal pain and dysfunction -- Screening for hematologic disease -- Screening for cardiovascular disease -- Screening for pulmonary disease -- Screening for gastrointestinal disease -- Screening for hepatic and biliary disease -- Screening for urogenital disease -- Screening for endocrine and metabolic disease -- Screening for immunologic disease -- Screening for cancer -- Systemic origins of neuromuscular or musculoskeletal pain and dysfunction -- Screening the head, neck, and back -- Screening the sacrum, sacroiliac, and pelvis -- Screening the lower quadrant: buttock, hip, groin, thigh, and leg -- Screening the chest, breasts, and ribs -- Screening the shoulder and upper extremity.</subfield>
  </datafield>
  <datafield tag="650" ind1=" " ind2="0">
    <subfield code="a">Physical therapy.</subfield>
  </datafield>
  <datafield tag="650" ind1=" " ind2="0">
    <subfield code="a">Diagnosis, Differential.</subfield>
  </datafield>
  <datafield tag="650" ind1="1" ind2="2">
    <subfield code="a">Physical Therapy Modalities.</subfield>
    <subfield code="9">18518</subfield>
  </datafield>
  <datafield tag="650" ind1="2" ind2="2">
    <subfield code="a">Diagnosis, Differential.</subfield>
  </datafield>
  <datafield tag="700" ind1="1" ind2=" ">
    <subfield code="a">Snyder, Teresa E. Kelly.</subfield>
    <subfield code="9">36101</subfield>
  </datafield>
  <datafield tag="942" ind1=" " ind2=" ">
    <subfield code="2">ddc</subfield>
    <subfield code="c">BOOK</subfield>
  </datafield>
  <datafield tag="999" ind1=" " ind2=" ">
    <subfield code="c">30128</subfield>
    <subfield code="d">264628</subfield>
  </datafield>
  <datafield tag="952" ind1=" " ind2=" ">
    <subfield code="1">0</subfield>
    <subfield code="2">2013-06-20</subfield>
    <subfield code="4">0</subfield>
    <subfield code="7">1</subfield>
    <subfield code="a">615.82 GCD</subfield>
    <subfield code="c">1</subfield>
    <subfield code="d">2013-06-20</subfield>
    <subfield code="h">CL</subfield>
    <subfield code="i">00306813</subfield>
    <subfield code="m">CL</subfield>
    <subfield code="o">1</subfield>
    <subfield code="q">2018-08-30</subfield>
    <subfield code="r">2018-12-18 00:00:00</subfield>
    <subfield code="t">BOOK</subfield>
    <subfield code="w">ddc</subfield>
    <subfield code="y">2</subfield>
  </datafield>
  <datafield tag="952" ind1=" " ind2=" ">
    <subfield code="1">0</subfield>
    <subfield code="2">2013-06-20</subfield>
    <subfield code="4">0</subfield>
    <subfield code="7">0</subfield>
    <subfield code="a">615.82 GCD</subfield>
    <subfield code="c">2</subfield>
    <subfield code="d">2013-06-20</subfield>
    <subfield code="h">CL</subfield>
    <subfield code="i">00306814</subfield>
    <subfield code="m">CL</subfield>
    <subfield code="r">2013-06-20 00:00:00</subfield>
    <subfield code="t">BOOK</subfield>
    <subfield code="w">ddc</subfield>
    <subfield code="y">0</subfield>
  </datafield>
  <datafield tag="952" ind1=" " ind2=" ">
    <subfield code="1">0</subfield>
    <subfield code="2">2013-06-20</subfield>
    <subfield code="4">0</subfield>
    <subfield code="7">0</subfield>
    <subfield code="a">615.82 GCD</subfield>
    <subfield code="c">3</subfield>
    <subfield code="d">2013-06-20</subfield>
    <subfield code="h">CL</subfield>
    <subfield code="i">00306815</subfield>
    <subfield code="m">CL</subfield>
    <subfield code="q">2017-10-05</subfield>
    <subfield code="r">2018-02-15 00:00:00</subfield>
    <subfield code="t">BOOK</subfield>
    <subfield code="w">ddc</subfield>
    <subfield code="y">1</subfield>
  </datafield>
  <datafield tag="952" ind1=" " ind2=" ">
    <subfield code="1">0</subfield>
    <subfield code="2">2013-06-20</subfield>
    <subfield code="4">0</subfield>
    <subfield code="7">1</subfield>
    <subfield code="a">615.82 GCD</subfield>
    <subfield code="c">1</subfield>
    <subfield code="d">2013-06-20</subfield>
    <subfield code="h">AMF</subfield>
    <subfield code="i">00306816</subfield>
    <subfield code="m">AMF</subfield>
    <subfield code="q">2016-02-02</subfield>
    <subfield code="r">2016-05-04 00:00:00</subfield>
    <subfield code="t">BOOK</subfield>
    <subfield code="w">ddc</subfield>
    <subfield code="y">2</subfield>
  </datafield>
  <datafield tag="952" ind1=" " ind2=" ">
    <subfield code="1">0</subfield>
    <subfield code="2">2013-06-20</subfield>
    <subfield code="4">0</subfield>
    <subfield code="7">0</subfield>
    <subfield code="a">615.82 GCD</subfield>
    <subfield code="c">2</subfield>
    <subfield code="d">2013-06-20</subfield>
    <subfield code="h">EMF</subfield>
    <subfield code="i">00306817</subfield>
    <subfield code="m">AMF</subfield>
    <subfield code="q">2017-04-30</subfield>
    <subfield code="r">2017-05-25 00:00:00</subfield>
    <subfield code="t">BOOK</subfield>
    <subfield code="w">ddc</subfield>
    <subfield code="y">1</subfield>
  </datafield>
  <datafield tag="952" ind1=" " ind2=" ">
    <subfield code="1">0</subfield>
    <subfield code="2">2013-06-20</subfield>
    <subfield code="4">0</subfield>
    <subfield code="7">0</subfield>
    <subfield code="a">615.82 GCD</subfield>
    <subfield code="c">3</subfield>
    <subfield code="d">2013-06-20</subfield>
    <subfield code="h">AMF</subfield>
    <subfield code="i">00306818</subfield>
    <subfield code="m">AMF</subfield>
    <subfield code="q">2016-02-02</subfield>
    <subfield code="r">2016-02-11 00:00:00</subfield>
    <subfield code="t">BOOK</subfield>
    <subfield code="w">ddc</subfield>
    <subfield code="y">1</subfield>
  </datafield>
  <datafield tag="952" ind1=" " ind2=" ">
    <subfield code="1">0</subfield>
    <subfield code="2">2013-10-30</subfield>
    <subfield code="4">0</subfield>
    <subfield code="7">0</subfield>
    <subfield code="a">615.82 GCD</subfield>
    <subfield code="d">2013-10-30</subfield>
    <subfield code="h">SZM</subfield>
    <subfield code="i">00402867</subfield>
    <subfield code="m">SZM</subfield>
    <subfield code="r">2013-10-30 00:00:00</subfield>
    <subfield code="t">BOOK</subfield>
    <subfield code="w">ddc</subfield>
    <subfield code="y">0</subfield>
  </datafield>
  <datafield tag="952" ind1=" " ind2=" ">
    <subfield code="1">0</subfield>
    <subfield code="2">2013-10-30</subfield>
    <subfield code="4">0</subfield>
    <subfield code="7">0</subfield>
    <subfield code="a">615.82 GCD</subfield>
    <subfield code="d">2013-10-30</subfield>
    <subfield code="h">SZM</subfield>
    <subfield code="i">00402868</subfield>
    <subfield code="m">SZM</subfield>
    <subfield code="r">2013-10-30 00:00:00</subfield>
    <subfield code="t">BOOK</subfield>
    <subfield code="w">ddc</subfield>
    <subfield code="y">0</subfield>
  </datafield>
  <datafield tag="952" ind1=" " ind2=" ">
    <subfield code="1">0</subfield>
    <subfield code="2">2013-10-30</subfield>
    <subfield code="4">0</subfield>
    <subfield code="7">0</subfield>
    <subfield code="a">615.82 GCD</subfield>
    <subfield code="d">2013-10-30</subfield>
    <subfield code="h">SZM</subfield>
    <subfield code="i">00402869</subfield>
    <subfield code="m">SZM</subfield>
    <subfield code="r">2013-10-30 00:00:00</subfield>
    <subfield code="t">BOOK</subfield>
    <subfield code="w">ddc</subfield>
    <subfield code="y">0</subfield>
  </datafield>
  <datafield tag="952" ind1=" " ind2=" ">
    <subfield code="1">0</subfield>
    <subfield code="2">2013-10-30</subfield>
    <subfield code="4">0</subfield>
    <subfield code="7">0</subfield>
    <subfield code="a">615.82 GCD</subfield>
    <subfield code="d">2013-10-30</subfield>
    <subfield code="h">IC</subfield>
    <subfield code="i">00402870</subfield>
    <subfield code="m">IC</subfield>
    <subfield code="r">2013-10-30 00:00:00</subfield>
    <subfield code="t">BOOK</subfield>
    <subfield code="w">ddc</subfield>
    <subfield code="y">0</subfield>
  </datafield>
  <datafield tag="952" ind1=" " ind2=" ">
    <subfield code="1">0</subfield>
    <subfield code="2">2013-10-30</subfield>
    <subfield code="4">0</subfield>
    <subfield code="7">0</subfield>
    <subfield code="a">615.82 GCD</subfield>
    <subfield code="d">2013-10-30</subfield>
    <subfield code="h">IC</subfield>
    <subfield code="i">00402871</subfield>
    <subfield code="m">IC</subfield>
    <subfield code="r">2013-10-30 00:00:00</subfield>
    <subfield code="t">BOOK</subfield>
    <subfield code="w">ddc</subfield>
    <subfield code="y">0</subfield>
  </datafield>
  <datafield tag="952" ind1=" " ind2=" ">
    <subfield code="1">0</subfield>
    <subfield code="2">2013-10-30</subfield>
    <subfield code="4">0</subfield>
    <subfield code="7">0</subfield>
    <subfield code="a">615.82 GCD</subfield>
    <subfield code="d">2013-10-30</subfield>
    <subfield code="h">IC</subfield>
    <subfield code="i">00402872</subfield>
    <subfield code="m">IC</subfield>
    <subfield code="r">2013-10-30 00:00:00</subfield>
    <subfield code="t">BOOK</subfield>
    <subfield code="w">ddc</subfield>
    <subfield code="y">0</subfield>
  </datafield>
</record>
